| 000 | 00742nam a2200205 a 4500 | ||
|---|---|---|---|
| 005 | 20171204142607.0 | ||
| 008 | 131030b2005 o|||fr|||| 00| 0 spa d | ||
| 040 |
_aCO-BoIAVH _cCO-BoIAVH |
||
| 041 | 0 | _aspa | |
| 044 | _ack | ||
| 082 | 0 | 4 |
_a333.9522 _bC88i |
| 110 |
_bCorporación Autónima Regional del Quindío _92281 |
||
| 245 | _aIncidencia de la depredación del León de montaña (Puma concolor) en el departamento del Quindio | ||
| 260 |
_aColombia : _bCorporación Autónoma Regional del Quindío ; _c2005. |
||
| 300 |
_a31 páginas _bfotografías a color. _c28 x 21 cm. |
||
| 504 | _aIncluye referencias bibliográficas. | ||
| 650 | 2 | 6 |
_aPuma _987588 |
| 650 | 2 | 6 |
_aPuma _vEstudio _zQuindío (Colombia) _987589 |
| 942 |
_cLIBRO _2ddc |
||
| 999 |
_c4878 _d4878 |
||